|
|
|
|
| LEADER |
00000nam a22000005a 4500 |
| 001 |
vtls010275934 |
| 003 |
SK-MaSNL |
| 005 |
20260302011735.0 |
| 008 |
251104s2010 xo a f f 000 0 slo |
| 015 |
|
|
|a SNBE2013
|
| 020 |
|
|
|a 9788055205083
|q (brož.)
|
| 040 |
|
|
|a SNK
|b slo
|c SNK
|e AACR2
|
| 041 |
0 |
|
|a slo
|
| 043 |
|
|
|a e-xo---
|a e-hu---
|
| 044 |
|
|
|a xo
|c SK
|
| 072 |
|
7 |
|a 621.3
|x Elektrotechnika
|2 konspekt
|
| 080 |
|
|
|a 621.311
|2 2001
|
| 080 |
|
|
|a 621.36
|2 2001
|
| 080 |
|
|
|a 628.3/.5
|2 2001
|
| 080 |
|
|
|a 620.91
|2 2001
|
| 080 |
|
|
|a 620.9:[621.31+697.1/.7]
|2 2001
|
| 080 |
|
|
|a 316.4.063.3
|2 2001
|
| 080 |
|
|
|a (437.6)
|2 2001
|
| 080 |
|
|
|a (439)
|2 2001
|
| 080 |
|
|
|a (036)
|2 2001
|
| 100 |
1 |
|
|a Piszczalka, Jan,
|d 1948-
|4 aut
|9 86554
|
| 245 |
1 |
0 |
|a Výroba elektrickej energie z regeneratívnych zdrojov - ORC
|c Jan Piszczalka, Juraj Maga
|
| 250 |
|
|
|a [1. vyd.]
|
| 260 |
|
|
|a [Nitra
|b Slovenská poľnohospodárska univerzita
|c 2010]
|
| 300 |
|
|
|a [12] s.
|b fotogr., schémy
|c 21 cm
|
| 366 |
|
|
|e 400 výtl.
|
| 500 |
|
|
|a Názov z obalu
|
| 500 |
|
|
|a Program cezhraničnej spolupráce Maďarská republika-Slovenská republika 2007-2013
|
| 504 |
|
|
|a Bibliografia
|
| 650 |
0 |
7 |
|a výroba elektrickej energie
|2 SNKPH
|9 60028
|
| 650 |
0 |
7 |
|a elektrotepelná technika
|2 SNKPH
|9 67408
|
| 650 |
0 |
7 |
|a odpad
|2 SNKPH
|9 14223
|
| 650 |
0 |
7 |
|a energetické zdroje
|2 SNKPH
|9 3475
|
| 650 |
0 |
7 |
|a kogenerácia (energetika)
|2 SNKPH
|9 153159
|
| 650 |
0 |
7 |
|a cezhraničná spolupráca
|2 SNKPH
|9 4908
|
| 650 |
0 |
7 |
|a Power generation
|2 SNKPHeng
|9 353354
|
| 650 |
0 |
7 |
|a Electric heating
|2 SNKPHeng
|9 321308
|
| 650 |
0 |
7 |
|a Waste products
|2 SNKPHeng
|9 267223
|
| 650 |
0 |
7 |
|a Power resources
|2 SNKPHeng
|9 328720
|
| 650 |
0 |
7 |
|a Cogeneration of electric power and heat
|2 SNKPHeng
|9 415425
|
| 650 |
0 |
7 |
|a Transborder cooperation
|z Slovakia
|2 SNKPHeng
|9 319839
|
| 650 |
0 |
7 |
|a Transborder cooperation
|z Hungary
|2 SNKPHeng
|9 327716
|
| 655 |
|
7 |
|a informačné publikácie
|2 SNKPH
|9 70181
|
| 655 |
|
7 |
|a Information publications
|2 SNKPHeng
|9 265188
|
| 700 |
1 |
|
|a Maga, Juraj,
|d 1958-
|4 aut
|9 10285
|
| 919 |
|
|
|a 978-80-552-0508-3
|
| 958 |
|
|
|a HU
|
| 958 |
|
|
|a NB
|
| 999 |
|
|
|c 1007233
|d 1009163
|
| 952 |
|
|
|a SNK
|b SNK
|y PREZ
|7 0
|p 17A0696118
|o snkOSC 25529
|i snk2011/10265
|8 0
|0 0
|1 0
|4 0
|d 2011-05-04
|l 0
|r 2026-02-24 12:40:09
|w 2026-02-24
|
| 952 |
|
|
|a SNK
|b SNK
|y VYP
|7 0
|p 17A0696119
|o snkOSC 25529 D1
|i snk2011/10266
|8 0
|0 0
|1 0
|4 0
|d 2011-05-04
|l 0
|r 2026-02-24 12:40:09
|w 2026-02-24
|